Hospodárske partnerstvo medzi Európskou úniou a Čínou

Analýza strategických dokumentov a obchodných dohôd, podporujúcich rozvoj politických, obchodných, sociálnych a kultúrnych vzťahov. Hlavné kategórie spolupráce Strategického programu EÚ a Čína. Obchodné vzťahy medzi Európskou úniou a Čínou. Dohoda o zemepisných označeniach výrobkov, komplexná dohoda...

Descrizione completa

Salvato in:
Dettagli Bibliografici
Autore principale: Paškrtová, Lucia
Natura: Capitolo di libro
Lingua:slovacco
Soggetti:
Tags: Aggiungi Tag
Nessun Tag, puoi essere il primo ad aggiungerne!!

MARC

LEADER 00000naa a2200000 4500
001 0272190
005 20210225222048.2
041 0 |a slo 
044 |a SK 
245 1 0 |a Hospodárske partnerstvo medzi Európskou úniou a Čínou  |c Lucia Paškrtová 
520 |a Analýza strategických dokumentov a obchodných dohôd, podporujúcich rozvoj politických, obchodných, sociálnych a kultúrnych vzťahov. Hlavné kategórie spolupráce Strategického programu EÚ a Čína. Obchodné vzťahy medzi Európskou úniou a Čínou. Dohoda o zemepisných označeniach výrobkov, komplexná dohoda o investíciách (CAI) a dohoda Regional Comprehensive Economic Partnership (RCEP). 
610 2 0 |a spolupráca medzinárodná 
610 2 0 |a vzťahy obchodné 
610 2 0 |a rast hospodársky 
610 2 0 |a Čína 
610 2 0 |a Európska únia 
100 1 |a Paškrtová, Lucia